Štátny rozpočet ako zložka verejných financií v čase krízy
Význam štátneho rozpočtu ako jednej z najdôležitejších zložiek verejných financií. Analýza dopadu krízy na verejné financie krajín strednej a východnej Európy. Výhľady do budúcna.
Enregistré dans:
| Auteur principal: | |
|---|---|
| Format: | Chapitre de livre |
| Langue: | slovaque |
| Sujets: | |
| Tags: |
Pas de tags, Soyez le premier à ajouter un tag!
|
MARC
| LEADER | 00000nla$a2200000$$$4500 | ||
|---|---|---|---|
| 001 | 0147843 | ||
| 005 | 20221207081627.6 | ||
| 041 | 0 | |a slo | |
| 044 | |a SK | ||
| 245 | 1 | 0 | |a Štátny rozpočet ako zložka verejných financií v čase krízy |c Zoltán Baka |
| 520 | |a Význam štátneho rozpočtu ako jednej z najdôležitejších zložiek verejných financií. Analýza dopadu krízy na verejné financie krajín strednej a východnej Európy. Výhľady do budúcna. | ||
| 610 | 2 | 0 | |a rozpočty verejné |
| 610 | 2 | 0 | |a financie verejné |
| 610 | 2 | 0 | |a kríza finančná |
| 610 | 2 | 0 | |a príjmy |
| 610 | 2 | 0 | |a dane |
| 610 | 2 | 0 | |a politika rozpočtová |
| 610 | 2 | 0 | |a Európa |
| 100 | 1 | |a Baka, Zoltán | |